| 000 | 00533nab a22001457 4500 | ||
|---|---|---|---|
| 003 | ES-SlBCS | ||
| 005 | 20210327224134.0 | ||
| 008 | 160203s2015 be ||||| |||| 00| 0 eng d | ||
| 040 |
_aES-SlBCS _bspa |
||
| 041 | _aeng | ||
| 100 | 1 |
_aYarbro Collins, Adela _952446 |
|
| 245 | 1 | 0 |
_aNew Perspectives on the Book of Revelation: Report on the 64th Colloquium Lovaniense (July 23-25m, 2015) _cAdela Yarbro Collins |
| 773 | 0 |
_gVol. 91, fasc. 4, 2015, págs. 627-635 _tEphemerides Theologicae Lovanienses _wRev177 _x0013-9513 |
|
| 942 |
_2lcc _cAR |
||
| 999 |
_c466257 _d466257 |
||